000 01553nam a2200253Ia 4500
003 Ost
005 20260507075602.0
008 260507s9999||||xx |||||||||||||| ||und||
020 _a9957116533
040 _cfsecg
041 _aara
082 _a300
100 _aعبيدات، محمد ابراهيم
_eمؤلف
245 0 _aالتسويق الصحي والدوائي /
_c محمد ابراهيم عبيدات
260 _aعمان:
_bدار وائل للنشر و التوزيع,
_c2006
300 _a400 صفحة؛
_bإيضاحات ؛
_c24 سم
504 _aملاحق ص.287
520 _aمقدمة في التسويق الصحي و الدوائي, التجزئة و الاحلال و الاستهداف في الاسواق الصحية و الدوائية اضافة الى استراتيجية المنتجالصحي و الدوائي, استراتيجية التوزيع للمنتجات الصحية و الدوائية, استراتيجيات تسعير المنتجات الصحية و الدوائية, ترويج المنتجات الصحية و الدوائية و كذا ادارة المستحضرات الصيدلانية, مهارات البيع, ادارة مندوبي المبيعات, التوجيهات الجديدة في شركات الادوية و اخيرا الوضع الصحي و الدوائي في الاردن.
653 _aادارة المبيعات
653 _aالادوية
653 _aالتسويق
700 _aدبابنة، جميل سمير
_eمؤلف ثانوي
942 _cكتاب
999 _c45018
_d45018